000 00345pam a2200145a 44500
008 230405s2017 xxu||||| |||| 00| 0 eng d
041 _aENG
100 _aGUPTA R C
245 _aPESTICIDES
250 _a1 Ed.
260 _aNEW DELHI
_bAPH PUB
_c2017
300 _a369p.
440 _aMEHTA BOOK SELLERS ,KOLHAPUR , B- 47642
906 _a1707
999 _c290585
_d290585